000 005560000a22001810004500
003 MACL
005 20160329154812.0
008 160329b xxu||||| |||| 00| 0 eng d
040 _aMACL
_cMACL
041 _aHindi
082 _a300
100 _aशिवदास
_948375
245 _aभारतीय संस्‍कृति के मूल तत्‍तव
260 _bशारदा प्रकाशन
_c2005
_aनई दिल्‍ली
350 _a225
650 _aCulture & Instetutation
_948707
942 _cHIN
_k300
_2ddc
999 _c18992
_d18992